|
|
|
|
| LEADER |
01535nam a2200421 a 4500 |
| 001 |
000758907 |
| 003 |
CZ BrMZK |
| 005 |
20090407135817.0 |
| 007 |
ta |
| 008 |
050111s2004 xr a brp 000 0 cze d |
| 015 |
|
|
|a cnb001494466
|
| 020 |
|
|
|a 80-7230-134-9
|q (váz.)
|
| 035 |
|
|
|a (OCoLC)85132942
|
| 035 |
|
|
|a (OCoLC)85132944
|
| 040 |
|
|
|a BOA001
|b cze
|
| 072 |
|
7 |
|a 37.016
|x Učební osnovy. Vyučovací předměty. Učebnice
|2 Konspekt
|9 22
|
| 080 |
|
|
|a 37.016:028-028.31
|2 MRF
|
| 080 |
|
|
|a 37.016:003-028.31
|2 MRF
|
| 080 |
|
|
|a 003.23
|2 MRF
|
| 080 |
|
|
|a (075.2)
|2 MRF
|
| 100 |
1 |
|
|a Mikulenková, Hana,
|d 1954-
|7 kup19950000065353
|4 aut
|
| 245 |
1 |
0 |
|a Slabikář /
|c Hana Mikulenková, Radek Malý, Matěj Forman
|
| 260 |
|
|
|a Olomouc :
|b Prodos,
|c c2004
|
| 300 |
|
|
|a 127 s. :
|b barev. il. ;
|c 27 cm
|
| 490 |
1 |
|
|a Modrá řada
|
| 500 |
|
|
|a Dostupné též v digitální podobě v aplikaci Kramerius
|
| 650 |
0 |
7 |
|a čtení
|7 ph128190
|2 czenas
|
| 650 |
0 |
7 |
|a psaní
|7 ph115938
|2 czenas
|
| 650 |
0 |
7 |
|a abeceda
|7 ph120107
|2 czenas
|
| 655 |
|
7 |
|a slabikáře
|7 fd133441
|2 czenas
|
| 700 |
1 |
|
|a Malý, Radek,
|d 1977-
|7 xx0000314
|4 aut
|
| 700 |
1 |
|
|a Forman, Matěj,
|d 1964-
|7 jn20000400708
|4 ill
|
| 830 |
|
0 |
|a Modrá řada (Prodos)
|0 s
|
| 856 |
4 |
1 |
|u http://www.digitalniknihovna.cz/mzk/uuid/uuid:de0a6ea0-0200-11e6-8fbe-005056827e52
|y Digitalizovaný dokument
|x NDK
|
| 910 |
|
|
|a BOA001
|b 3-1146.196
|
| 990 |
|
|
|a BK
|
| 991 |
|
|
|b 200502
|c NOV
|
| 996 |
6 |
|
|b 2610239176
|c 3-1146.196
|l MZK
|r Sklad / do 1 hodiny
|n 9
|p p.v.
|w 000758907
|u 000010
|a 1
|e BOA001
|j MZK50
|s P
|